[Event "18th Bangkok Open 2018"]
[Site "Bangkok"]
[Date "2018.04.15"]
[Round "3"]
[White "Raja Rithvik R"]
[Black "Krysa, Leandro"]
[Result "0-1"]
[WhiteElo "2280"]
[BlackElo "2543"]
[Annotator "TA"]
[PlyCount "93"]
[EventDate "2018.??.??"]
[EventType "swiss"]
[EventCountry "THA"]
[SourceTitle "playchess.com"]
[Source "ChessBase"]
[SourceQuality "1"]

{[%evp 19,93,4,36,31,37,11,25,-45,-34,-45,-48,-45,-39,-57,-58,-53,-58,-80,-16,-14,-9,-9,-9,-14,-15,-12,-18,-44,-37,-41,-40,-63,-58,-50,-12,-16,-15,-18,-14,-14,-19,-22,-9,-5,-7,-24,-27,-36,-16,-20,-16,-31,0,0,0,0,0,0,0,-8,0,-17,-10,-77,-8,-31,0,0,0,0,0,0,0,-83,-90,-29990]} 1. d4 Nf6 2. c4 g6 3. Nc3 d5 4. cxd5 Nxd5 5. e4 Nxc3 6. bxc3 Bg7 7. Qa4+ Nd7 {[%cal Bb8d7,Bd7f6,Bf6h5,Bh5f4][%mdl 32]} 8. Nf3 O-O 9. Be2 c5 10. O-O {D85: Exchange Grünfeld: Unusual White 7th moves and lines with 7 Nf3} Nf6 {LiveBook: 8 Games} (10... Nb6 11. Qd1 Bg4 12. Be3 Bxf3 13. Bxf3 Nc4 14. e5 Nxe3 15. fxe3 Qa5 16. Qb3 e6 17. Rab1 Bh6 {0-1 (57) Krasenkow,M (2671)-Gledura,B (2613) Stockholm 2018}) 11. Bd3 b6 12. Bb2 $146 {White is slightly better.} ({Predecessor:} 12. Bg5 Bb7 13. Rfe1 h6 14. Bh4 Nh5 15. Rad1 Qc7 16. Ba6 Rac8 17. dxc5 Bxa6 18. Qxa6 Qxc5 19. Qxa7 {0-1 (69) Dolezal,C (2439)-Obregon,C (2537) Buenos Aires 2015}) 12... Nh5 13. Rfe1 (13. g3 $11) 13... Bg4 $1 $15 14. Nd2 Nf4 15. Bf1 e5 16. h3 Bd7 17. Qd1 exd4 18. cxd4 cxd4 (18... Qg5 $17 {...Nxh3+ is the strong threat.} 19. Kh1 cxd4) 19. Nf3 $11 d3 20. Bxg7 Kxg7 21. Qd2 Qf6 {Threatening ...Nxh3+!} 22. Qe3 Ne6 23. e5 Qf4 24. Bxd3 Rac8 25. Be4 Qxe3 26. Rxe3 Bc6 27. Bxc6 $1 Rxc6 28. Rd1 Rfc8 29. Nd4 Nxd4 30. Rxd4 {[%mdl 4096] Endgame KRR-KRR} Rc1+ 31. Kh2 R8c7 32. Red3 R1c2 33. Rd2 g5 34. a4 Rxd2 35. Rxd2 {KR-KR} Rc4 36. a5 $1 bxa5 37. Rd7 Re4 38. Rd5 a4 39. Ra5 h5 40. Rxa7 Kg6 41. g3 (41. f3 $11 {remains equal.} Rf4 42. g4) 41... Rc4 ({But not} 41... Rxe5 42. Rxa4 Rb5 43. Kg2 $11) (41... Kf5 $17 42. Rxf7+ Kxe5) 42. Kg2 Rb4 43. Kf3 Kf5 44. Rxf7+ Kxe5 {And now ...a3 would win.} 45. Rg7 $1 g4+ 46. Kg2 {[#]} (46. hxg4 $11 {was the only way to keep the balance.} hxg4+ 47. Ke3) 46... Kd4 $1 $17 {Threatens to win with ...a3.} 47. Rxg4+ $2 {[%mdl 8192] Precision: White = 59%, Black = 57%.} (47. Rg5 $17) 0-1

[Event "18th Bangkok Open 2018"]
[Site "Bangkok"]
[Date "2018.04.15"]
[Round "3"]
[White "Miciano, John Marvin"]
[Black "Deepan Chakkravarthy J"]
[Result "0-1"]
[WhiteElo "2260"]
[BlackElo "2499"]
[Annotator "TA"]
[PlyCount "74"]
[EventDate "2018.??.??"]
[EventType "swiss"]
[EventCountry "THA"]
[SourceTitle "playchess.com"]
[Source "ChessBase"]
[SourceQuality "1"]

{[%evp 24,74,26,35,21,16,14,0,0,-33,-16,-27,-36,-14,-17,-18,-12,-9,-15,-32,0,0,0,0,0,-75,-77,-185,-174,-170,-184,-190,-176,-169,-112,-130,-126,-182,-187,-164,-157,-163,-161,-174,-180,-248,-231,-551,-545,-811,-793,-735,179]} 1. e4 e6 2. d4 d5 3. Nc3 Nf6 4. e5 Nfd7 5. f4 c5 6. Nf3 Be7 7. Be3 O-O 8. dxc5 Nc6 9. Qd2 Bxc5 10. Bxc5 Nxc5 11. O-O-O Qa5 12. Kb1 {C11: French: Classical System: 4 e5 and 4 Bg5 dxe4} Rb8 13. Qe3 {LiveBook: 4 Games} Bd7 $146 ({Predecessor:} 13... Rd8 14. Nd4 Bd7 15. Be2 Rbc8 16. g4 Nxd4 17. Rxd4 Na4 18. Nxa4 Bxa4 19. c3 Bb5 {1-0 (27) Edouard,R (2638)-Adla,D (2469) Caleta 2015}) 14. a3 {The position is equal.} Rfc8 15. g4 Ne7 16. Rg1 b5 {aiming for ...b4.} 17. b4 Qxa3 18. Nxd5 $1 Qxe3 19. Nxe3 Bc6 20. Nd4 $1 Na4 {Threatens to win with ...Nc3+.} 21. Rd2 Ng6 22. Nxc6 Rxc6 23. Rd4 $1 Rcc8 24. Rg2 (24. Kc1 $1 $11) 24... Ne7 $17 25. Nd1 {[#]} (25. Rd3 $17 {was worth a try.}) 25... Nc6 $1 $36 {[%cal Rc6d4][%mdl 2048] Black is really pushing.} 26. Re4 Rd8 27. Bd3 {[#]} a5 $1 28. bxa5 Nc5 (28... Ra8 $19 29. Re3 Rxa5) 29. Re3 $17 Rd4 30. Rf2 (30. f5 $17 {was called for.}) 30... Nxa5 $19 31. Nb2 Nc4 32. Rg3 g5 33. fxg5 Nxe5 34. h3 (34. Re2 {was necessary.} Nexd3 35. cxd3) 34... Rb4 35. Bf1 $2 (35. Re2 {is a better chance.} Nexd3 36. cxd3) 35... Ne4 {Black is clearly winning.} 36. Re3 Nxf2 37. Rxe5 Nd3 $4 {[%mdl 40960] Precision: White = 42%, Black = 79%. . Loss on Time!?} (37... Nd1 $19 {avoids the disaster.} 38. Be2 Nxb2) 0-1

[Event "18th Bangkok Open 2018"]
[Site "Bangkok"]
[Date "2018.04.15"]
[Round "3"]
[White "Vaingorten, Yaaqov"]
[Black "Goh, Wei Ming Kevin"]
[Result "1/2-1/2"]
[WhiteElo "2226"]
[BlackElo "2472"]
[Annotator "TA"]
[PlyCount "145"]
[EventDate "2018.??.??"]
[EventType "swiss"]
[EventCountry "THA"]
[SourceTitle "playchess.com"]
[Source "ChessBase"]
[SourceQuality "1"]

{[%evp 16,145,-10,-19,39,14,29,33,49,-78,25,0,10,-42,0,0,0,0,0,0,0,14,46,43,44,14,35,-106,-50,-72,0,-85,-85,-85,-33,-30,-28,-21,0,-62,0,0,0,0,0,0,0,-79,-5,-129,0,0,0,-8,-8,-14,-23,-26,0,0,0,0,0,0,0,0,0,0,0,0,0,0,0,0,0,0,0,0,0,0,1301,897,2104,1831,1723,1730,1512,1456,1120,1080,413,0,0,0,12835,12835,12836,12836,12837,12837,12837,12838,12838,12839,12839,12839,12845,12839,12845,0,0,0,0,0,12844,12844,12844,0,0,0,0,0,0,0,0,0,0,0,0,0,0,0]} 1. d4 Nf6 2. Bg5 Ne4 3. Bh4 c5 4. f3 g5 5. fxe4 gxh4 6. e3 Bh6 7. Qd3 {A45: Trompowsky Attack} Qb6 8. b3 (8. Na3 Nc6 9. Nc4 Qc7 10. d5 Ne5 11. Nxe5 Qxe5 12. c3 f5 13. exf5 d6 14. Nf3 Qxf5 15. Qxf5 Bxf5 {½-½ (67) Grafl,F (2371)-Gascon del Nogal,J (2496) Sabadell 2017}) 8... Nc6 9. c3 {LiveBook: 10 Games} Qa5 (9... e5 $11) 10. Nf3 $14 cxd4 $146 ({Predecessor:} 10... d6 11. d5 Ne5 12. Nxe5 dxe5 13. Nd2 h3 14. gxh3 Bd7 {1-0 (31) Augustin,A (1948)-Schoeller,W (2003) Germany 2005}) 11. exd4 d5 12. e5 (12. b4 $1 $14 Qd8 13. b5) 12... Bg4 (12... f6 $17 13. exf6 O-O) 13. Be2 h3 14. g3 (14. gxh3 $11 Bh5 15. Nh4 Bxe2 16. Kxe2) 14... O-O-O 15. O-O f6 16. exf6 exf6 17. Nh4 Bxe2 18. Qxe2 Rde8 19. Qg4+ Kb8 20. Nf5 ({Of course not} 20. Qxh3 Nxd4 $1 {[%mdl 512]} 21. Nf5 Nxf5 $17) 20... Bg5 21. Qd1 (21. Qxh3 $14 {keeps the upper hand.} Qa6 22. Qg2) 21... h5 (21... Qa6 $17 22. Kh1 Qe2 23. Qxe2 Rxe2) 22. a4 h4 (22... Re6 $17) 23. Ra2 (23. gxh4 $11 Bxh4 24. Qf3) 23... hxg3 $17 24. hxg3 Qc7 (24... Ne7 $17 25. Nd6 Reg8) 25. Re2 $15 Rxe2 26. Qxe2 Qd7 27. Na3 (27. Kh2 $11) 27... Re8 (27... Na5 $15 28. Qe7 Qxe7 29. Nxe7 Nxb3) 28. Qf3 $11 Ne7 29. Nc2 Nxf5 30. Qxf5 Qc7 31. Qf3 (31. Rf3 $11) 31... Bd2 (31... Rc8 $17 32. Nb4 Qxc3 33. Qxc3 Rxc3) 32. Kh2 (32. Rf2 $11 Qxc3 33. Qxc3 Bxc3 34. Kh2) 32... Bxc3 (32... Qxc3 $17 33. Qxc3 Re2+ 34. Kxh3 Bxc3) 33. Rf2 a6 34. Qf4 (34. Qxf6 {is more complex.} Ka7 35. b4 Qc4 36. a5 Re2 37. Qb6+) 34... Qxf4 35. gxf4 {[%mdl 4096] Endgame KRB-KRN} Kc7 36. Kxh3 f5 37. Kg3 Be1 38. Nxe1 Rxe1 {KR-KR} 39. Rh2 Rg1+ 40. Kf2 Rb1 41. Rh5 Rxb3 42. Rxf5 Kd6 43. Rf6+ Kd7 44. Rf5 Ke6 45. Re5+ Kd6 46. f5 Rc3 47. a5 Rc2+ $2 {[%mdl 8192]} (47... Kd7 $11) 48. Ke3 Rc3+ 49. Kf4 Rd3 50. Re6+ Kd7 51. Ke5 Re3+ 52. Kxd5 Ra3 53. Ke5 $2 ({Only move:} 53. Rd6+ $1 $18 Ke7 54. Ke5) 53... Rxa5+ 54. d5 {Black must now prevent f6.} Ra1 $2 {[%mdl 8192] [#]} (54... Ra3 $11) 55. f6 $1 $18 {[%cal Rf6f7]} Re1+ 56. Kf5 Rf1+ 57. Kg6 Rg1+ 58. Kh7 Rh1+ 59. Kg7 Rg1+ 60. Kf8 Rg5 61. f7 Rxd5 62. Rf6 $2 (62. Rb6 $18 {Hoping for Kg7.} Rg5 63. Rb2 (63. Rxb7+ Kc6 $16)) 62... Rg5 $11 63. Rf1 {Threatens to win with Rd1+.} b5 {[%cal Bb7b5,Bb5b4,Bb4b3,Bb3b2][%mdl 32]} 64. Rd1+ Kc6 $2 {[%mdl 8192]} (64... Ke6 $11) 65. Ke7 $18 Rg7 {[#]} 66. Kf6 $2 (66. Ke6 $1 $18 Rxf7 67. Rc1+ (67. Kxf7 b4 $16) 67... Kb6 68. Kxf7) 66... Rxf7+ $1 $11 {The position is equal.} 67. Kxf7 {Strongly threatening Kf6. KR-KPP} b4 68. Ke6 Kc5 69. Rc1+ Kd4 70. Ra1 b3 {aiming for ...b2.} 71. Rxa6 b2 72. Rb6 Kc3 73. Ke5 {Precision: White = 46%, Black = 52%.} 1/2-1/2